<?xml version="1.0" encoding="UTF-8"?>
<marc:record xmlns:marc="http://www.loc.gov/MARC21/slim">
   <marc:leader>00000nam a2200000 a 4500</marc:leader>
   <marc:datafield ind1="1" ind2=" " tag="100">
      <marc:subfield code="a">Falk, Rita</marc:subfield>
      <marc:subfield code="4">aut</marc:subfield>
      <marc:subfield code="e">Verfasser/-in</marc:subfield>
   </marc:datafield>
   <marc:datafield ind1="0" ind2="0" tag="245">
      <marc:subfield code="a">Grießnockerlaffäre (4)</marc:subfield>
   </marc:datafield>
   <marc:datafield ind1="0" ind2="0" tag="245">
      <marc:subfield code="b">Hörbuch.</marc:subfield>
   </marc:datafield>
   <marc:datafield ind1=" " ind2="1" tag="264">
      <marc:subfield code="b">Audio Verlag</marc:subfield>
      <marc:subfield code="c">2013</marc:subfield>
   </marc:datafield>
   <marc:datafield ind1="1" ind2=" " tag="490">
      <marc:subfield code="a">Franz Eberhofer</marc:subfield>
   </marc:datafield>
   <marc:datafield ind1="1" ind2=" " tag="520">
      <marc:subfield code="a">Der Eberhofer unter Mordverdacht!  "Eberhofer. Kommen Sie raus!", tönt es durchs Megaphon. Ein Höllenlärm ist das. Da stehen also sechs Hanswursten vom SEK in unserem Hof, die MP im Anschlag. "Sind Sie der Kommissar Eberhofer?" - "Der bin ich. Und ich trag weder Handgranaten bei mir, noch haben wir hier Tretminen vergraben. Jedenfalls nicht, wo sie stehen. Also: Was soll das alles?"  Nach den Bestsellern Winterkartoffelknödel, Dampfnudelblues und Schweinskopf al dente jetzt der vierte Fall für Franz Eberhofer.</marc:subfield>
   </marc:datafield>
   <marc:datafield ind1=" " ind2=" " tag="020">
      <marc:subfield code="a">9783863653484</marc:subfield>
      <marc:subfield code="9">9783863653484</marc:subfield>
   </marc:datafield>
</marc:record>
